01992nam a2200253Ia 4500003000400000005001700004008004100021020001500062040002100077041001300098082002400111100003200135245014600167250002200313260004100335300002900376490003000405500003700435505021800472520095000690650002501640650002501665700004801690OSt20210802151637.0210310s1978 cx fr 000 0 spa d a9682300134 aCO-JMCRcCO-JMCR1 aspahfre04a332.46 /bD288p2231 aDe brunhoff, Suzaneeautora13aLa política monetaria : bun ensayo de interpretación marxista / cpor Suzanne de Brunhoff ; traducción de María Dolores de la Peña aSegunda edición aMéxico : bSiglo Veintiuno, c1978 a182 páginas ; c18 cm.0 aEconomía y demografía aIncluye notas a pie de página.0 aCrisis del dólar y "política monetaria" -- Producción comercial, modo de producción, categoría moneda -- Prácticas monetarias estatales -- La política monetaria: ideología de una práctica estatal2 aUn análisis de la política monetaria utilizando para ello los conceptos del materialismo histórico es, necesariamente, un análisis crítico de la idea usual de política monetaria. Esta, como ideología de una práctica estatal particular, oculta el hecho de que ni el Estado, ni la moneda son "neutros"; el papel de la moneda y la acción estatal son determinados en última instancia por las necesidades de la reproducción del capital industrial en beneficio de la clase burguesa. Dicho análisis, pues, implica una lectura de Marx en función de los problemas reales y prácticos e ideológicos- que se plantean hoy en día. A partir de ahí, Suzanne de Brunhoff, investigadora del Centre Nationale de la Recherche Scientifique de París, estudia la acción del Estado sobre la moneda siguiendo los conceptos de El capital, pero tomando en cuenta los cambios experimentados por el capitalismo desde la época de Marx.14aCuestión monetaria24aPolítica monetaria1 aDe la Peña, María Dolores, etraductora